00943nam a2200229 a 450000100100000000500170001000800410002704000250006808200150009310000380010824000520014624500930019826000390029130000210033049000280035159000260037970000330040570000350043883000350047395201880050899900170069600003514620200930074132.0111025s1967 sp r 000 0 spa d aDO-SdBNPbspacBNPHU axxxxbxxxx1 aGreene, Graham,d1904-199191199010aThe quiet american :aA gun for salelEspañol13aEl americano impasible /cGraham Greene ; traducción J. R. Wielcock, Francisco Baldiz. aBarcelona :bPlaza & Janes,c1967. a313 p. ;c18 cm.1 aClásicos del Siglo XX aInventariado, 2019/BT1 aWielcock, J. R.,etr.9119941 aBaldiz, Francisco,etr.960852 0aClásicos del Siglo XX939438 001050718MOaGRbGRcHDd2011-10-25iLF1l0oxxxx xxxxp35146-10r2020-06-25w2020-06-25y1zPerteneció a la biblioteca personal de Juan Isidro Jiménez-Grullón.ZNo se presta c34637d34637